Get the Picture: Band or Brewery? Quiz Stats

 Plays Quiz Updated Jul 1, 2019

Score 0/20 Timer 02:00
3 Plays Today
Question Answer Wrong Answers
Twisted Sister Band
88%
Brewery
5.8%
Bowling for Soup Band
86.2%
Brewery
7.5%
Savage Garden Band
85.8%
Brewery
7.9%
Goose Island Brewery
84.2%
Band
9.4%
Alien Sex Fiend Band
77.6%
Brewery
15.7%
Modest Mouse Band
76.7%
Brewery
16.9%
Dogfish Head Brewery
75.4%
Band
18.1%
One Legged Pheasant Brewery
70.4%
Band
23.2%
Crooked Hammock Brewery
69.3%
Band
24%
Barrel of Monks Brewery
69.1%
Band
24.3%
Neutral Milk Hotel Band
68.1%
Brewery
25.5%
Yellowcard Band
67.8%
Brewery
25.5%
Cross-Eyed Owl Brewery
66.8%
Band
26.7%
Dog Eat Dog Band
66.8%
Brewery
27%
The Devil's Trumpet Brewery
64.9%
Band
29%
Funky Buddha Brewery
64.6%
Band
28.9%
Hair of the Dog Brewery
63.5%
Band
30.7%
The Lonely Island Band
63.5%
Brewery
30.1%
Propagandhi Band
62.9%
Brewery
30.7%
Bangin' Banjo Brewery
54%
Band
39.7%

Today's Daily Dose

You're not logged in!

Compare scores with friends on all Sporcle quizzes.
OR
Log In

Sporcle TV

Today on Sporcle TV


Watch our educational content, quiz creation guides, and fun videos on Sporcle TV.

Show Comments

Extras

Top Quizzes Today


Score Distribution

Your Account Isn't Verified!

In order to create a playlist on Sporcle, you need to verify the email address you used during registration. Go to your Sporcle Settings to finish the process.

Report this User

Report this user for behavior that violates our Community Guidelines.

Details: